Famous People who are Jewish - Statistics

General Stats
  • This quiz has been taken 1,116 times
    1,112 since last reset
  • The average score is 13 of 30
Answer Stats
Hint Answer % Correct
Founder of Christianity Jesus
87%
Creator of Facebook Mark Zuckerberg
82%
Split the Red Sea, 10 Commandments Moses
82%
One of the most known victims of the Holocaust (Diarist) Anne Frank
78%
The Atomic Bomb, Theory of Relativity (Scientist) Albert Einstein
73%
Communist Manifesto (Author) Karl Marx
70%
The First Jewish Person Abraham
69%
School of Rock, Kung Fu Panda, Tenacious D (Actor) Jack Black
63%
V for Vendetta, Star Wars III, Blackswan (Actress) Natalie Portman
60%
Borat, Bruno (Actor) Sacha Baron Cohen
60%
Billy Madison, Don't Mess with the Zohan, Funny People (Actor) Adam Sandler
59%
Indian Jones (Actor) Harrison Ford
58%
Harry Potter (Actor) Daniel Radcliffe
57%
Has 12 sons which are the 12 tribes of Israel Jacob
57%
Theories about the unconscious mind Sigmund Freud
55%
Zoolander, Tropic Thunder (Actor) Ben Stiller
51%
Superbad, Funny People, 21 Jumpstreet (Actor) Jonah Hill
44%
Pineapple Express, Knocked Up (Actor) Seth Rogen
30%
127 hours, Spiderman (Actor) James Franco
29%
US Olympic swimming champion with 9 gold medals (Athlete) Mark Spitz
28%
30 minutes or less, Zombieland, Social Network (Actor) Jesse Eisenberg
27%
Father of Zionism and reason Israel became a country Theodor Herzl
23%
Big Fat Liar, Hairspray, She's the Man (Actress) Amanda Bynes
21%
High School Musical (Actress) Ashley Tisdale
20%
Transformers (Actor) Shia LaBeouf
14%
Made a line of clothing Levi Strauss
12%
One Day, Miracle, Jerusalem (Singer) matisyahu
11%
First Basemen of the New York Mets (Athlete) Ike Davis
6%
Power Forward for the New York Knicks (Athlete) Amare Stoudamire
5%
Big Time Rush (Actor and Singer) James Maslow
4%
No matching quizzes found
Score Distribution
Percent of People with Each Score
Percentile by Number Answered
Your Score History
You have not taken this quiz since the last reset